| 000 -CABECERA |
| Longitud fija campo de control |
00752 a22002175i 4500 |
| 001 - NÚMERO DE CONTROL |
| Número de control |
991060034176206706 |
| 003 - IDENTIFICADOR DEL NÚMERO DE CONTROL |
| Identificador del número de control |
OSt |
| 005 - FECHA Y HORA DE LA ÚLTIMA TRANSACCIÓN |
| Fecha y hora de la última transacción |
20220203120552.0 |
| 008 - CÓDIGOS DE INFORMACIÓN DE LONGITUD FIJA |
| Códigos de información de longitud fija |
AAMMDD----- ---|||||-|||||-|| -----|c |
| 016 ## - NÚMERO DE CONTROL DE UNA AGENCIA BIBLIOGRÁFICA NACIONAL |
| Número de control del registro |
DL T935-2021 |
| 020 ## - NÚMERO INTERNACIONAL NORMALIZADO PARA LIBROS |
| Número Internacional Normalizado para Libros (ISBN) |
9788412362923 |
| 040 ## - FUENTE DE LA CATALOGACIÓN |
| Lengua de catalogación |
cat |
| Centro transcriptor |
CDMR |
| 100 1# - PUNTO DE ACCESO PRINCIPAL-NOMBRE DE PERSONA |
| Nombre de persona |
Costa i Fernández, Lluís |
| 9 (RLIN) |
647 |
| 245 ## - MENCIÓN DE TÍTULO |
| Título |
Premsa comarcal |
| Resto del título |
: La memòria de la vida quotidiana de Catalunya |
| Mención de responsabilidad, etc. |
/ Lluís Costa |
| 264 ## - PRODUCCIÓN, PUBLICACIÓN , DISTRIBUCIÓN, FABRICACIÓN Y COPYRIGHT |
| Lugar de producción, publicación, distribución, fabricación |
Barcelona: |
| Nombre del productor, editor, distribuidor, fabricante |
ACPC Associació Catalana de la Premsa Comarcal, |
| Fecha de de producción, publicación, distribución, fabricación o copyright |
2021 |
| 300 ## - DESCRIPCIÓN FÍSICA |
| Extensión |
249 pàgines |
| 610 10 - PUNTO DE ACCESO ADICIONAL DE MATERIA - NOMBRE DE ENTIDAD CORPORATIVA |
| 9 (RLIN) |
3633 |
| Nombre de entidad corporativa o nombre de jurisdicción como elemento inicial |
Associació Catalana de la Premsa Comarcal |
| Subdivisió,n de materia general |
Història |
| 650 #0 - PUNTO DE ACCESO ADICIONAL DE MATERIA - TÉRMINO DE MATERIA |
| 9 (RLIN) |
3717 |
| Término de materia o nombre geográfico como elemento inicial |
Premsa comarcal |
| Subdivisión geográfica |
Catalunya |
| Subdivisión de materia general |
Història |
| 710 1# - PUNTO DE ACCESO ADICIONAL - NOMBRE DE ENTIDAD |
| 9 (RLIN) |
3633 |
| Nombre de entidad o nombre de jurisdicción como elemento inicial |
Associació Catalana de la Premsa Comarcal |
| 942 ## - ENTRADA DE ELEMENTOS AGREGADOS (KOHA) |
| Fuente de clasificaión o esquema |
|
| Koha [por defecto] tipo de item |
Monografies |